000 00470nam a2200181Ia 4500
005 20250423094448.0
008 250422s9999 xx 000 0 und d
020 _a97808089235
050 _aRC 46 .C42/
245 0 _aAndreoli and Carpenter’s Cecil essentials of medicine
250 _a7th ed.
260 _aPhiladelphia
260 _bSaunders
260 _c2007
300 _a1258 p
650 _a Internal medicine. Internal Medicine.
942 _cBK
999 _c27310
_d27310